Statistiken für Teuerste Transfers vom VfL Wolfsburg (Verkäufe)

Klicken Sie hier um das Quiz zu spielen!

Allgemein

  • Dieses Quiz wurde 78 mal gespielt
  • Das Durchschnittsergebnis liegt bei 11 aus 24

Antwortstatistiken

SaisonAblöse in MioNeuer VereinSpieler% Korrekt
15/1676Man CityKevin de Bruyne
100%
23/2430DortmundFelix Nmecha
92%
10/1137Man CityEdin Dzeko
89%
16/1736PSGJulian Draxler
89%
16/1730DortmundAndre Schürrle
78%
23/2440TottenhamMicky van de Ven
78%
22/2312RB LeipzigXaver Schlager
71%
21/2217,5BurnleyWout Weghorst
60%
15/1619Inter MailandIvan Perisic
51%
16/1711,85SportingBas Dost
46%
12/1313BayernMario Mandzukic
45%
16/177,5BremenMax Kruse
43%
17/1810MarseilleLuiz Gustavo
38%
17/1715AC MailandRicardo Rodriguez
34%
10/118,5GalatasarayZvjezdan Misimovic
26%
22/235,5FulhamKevin Mbabu
25%
15/1611NorwichTimm Klose
23%
20/217AugsburgFelix Uduokhai
18%
17/187KölnJannes Horn
17%
05/0610AtleticoMartin Petrov
12%
10/119Rubin KazanObafemi Martins
8%
01/026LeverkusenZoltan Sebescen
8%
13/145MainzJa-cheol Koo
5%
19/205AnderlechtLandry Dimata
3%

Verteilung der Resultate

Perzentil nach korrekt beantworteten Fragen

Anzahl Personen mit jedem Resultat

Ihre Resultats-Entwicklung

Sie haben dieses Quiz noch nicht gespielt